Govt. of
Madhya Pradesh

Normal view MARC view

Entry Personal Name

Number of records used in: 1

001 - CONTROL NUMBER

  • control field: 79011

003 - CONTROL NUMBER IDENTIFIER

  • control field: OSt

005 - DATE AND TIME OF LATEST TRANSACTION

  • control field: 20200716161057.0

008 - FIXED-LENGTH DATA ELEMENTS

  • fixed length control field: 200716|| aca||aabn | a|a d

040 ## - CATALOGING SOURCE

  • Original cataloging agency: OSt
  • Transcribing agency: OSt

100 ## - HEADING--PERSONAL NAME

  • Personal name: गुप्‍ता ,डॉ .मो‍हनलाल

670 ## - SOURCE DATA FOUND

  • Source citation: Work cat.: (OSt): गुप्‍ता ,डॉ .मो‍हनलाल, राजस्‍थान के ऐतिहासिक दुर्ग , 2017